000 00473nam a2200181Ia 4500
005 20250326124429.0
008 250326s9999 xx 000 0 und d
037 _aTextbook
040 _aFMSL
_beng
_cFMSL
041 _aeng
_2eng
084 _aX:8 K0
_qFMSL
100 _aAnderson R C
_9737383
245 0 _aManagement practices
_cAnderson R C
260 _aNY
_bNY, McGraw-Hill
_c1960
300 _a302p
942 _cTB
_hX:8 K0
999 _c1273672
_d1273672